[Event "Felix Cup 22nd"]
[Site "Felix Spa"]
[Date "2007.05.27"]
[Round "5"]
[White "Draghici, Dorel"]
[Black "Cornea, Alexandru"]
[Result "0-1"]
[WhiteElo "1844"]
[BlackElo "2048"]
[PlyCount "66"]
[EventDate "2007.05.25"]
[EventType "swiss"]
[EventRounds "9"]
[EventCountry "ROU"]
[SourceTitle "CBM 118 Extra"]
[Source "ChessBase"]
[SourceDate "2007.07.04"]
[SourceVersion "1"]
[SourceVersionDate "2007.07.04"]
[SourceQuality "1"]

1. d4 e6 2. Bf4 d5 3. e3 Nf6 4. Nf3 Bd6 5. Bd3 Bxf4 6. exf4 Qd6 7. Qd2 b6 8. Ne5 c5 9. c3 Ba6 10. 0-0 Ne4 11. Qe2 Bxd3 12. Qxd3 0-0 13. f3 Nf6 14. g4 Nfd7 15. Qe3 Nc6 16. Nxd7 cxd4 17. cxd4 Qxd7 18. Nc3 Rac8 19. Rf2 Na5 20. h4 Nc4 21. Qe2 b5 22. b3 Nd6 23. Qd3 Rc7 24. Rc2 a6 25. Kg2 Rfc8 26. Rac1 Qe7 27. Kg3 h5 28. Qe2 Qd7 29. Nd1 hxg4 30. Rxc7 Nf5+ 31. Kxg4 Rxc7 32. Rxc7 Qxc7 33. Qf2 Qb6 0-1